Statistiques concernant Candidat arrivé en tète en 2017 au premier tour par région

Cliquez ici pour prendre le quiz!

Statistiques générales

  • Ce quiz a été pris 64 fois
  • Le résultat moyen est 17 sur 18

Statistiques - réponses

RégionCandidat arrivé en tête% Correct
Auvergne-Rhône-AlpesEmmanuel Macron
100%
Île-de-FranceEmmanuel Macron
100%
BretagneEmmanuel Macron
100%
CorseMarine Le Pen
100%
Grand EstMarine Le Pen
100%
GuadeloupeEmmanuel Macron
98%
Nouvelle-AquitaineEmmanuel Macron
98%
Pays de la LoireEmmanuel Macron
98%
Centre-Val de LoireMarine Le Pen
98%
Hauts-de-FranceMarine Le Pen
98%
Bourgogne-Franche-ComtéMarine Le Pen
98%
OccitanieMarine Le Pen
98%
Provence-Alpes-Côte d'AzurMarine Le Pen
98%
NormandieMarine Le Pen
97%
GuyaneJean-Luc Melenchon
85%
MartiniqueJean-Luc Melenchon
85%
RéunionJean-Luc Melenchon
85%
MayotteFrançois Fillon
68%

Distribution des résultats

Percentile par nombre de réponses

% des personnes avec chaque résultat

Votre développement - résultats

Vous n’avez pas pris ce quiz